000 00509nam a2200205Ia 4500
003 OSt
005 20230417121442.0
008 210423s2011 xx 000 0 und d
020 _a9788126148998
040 _cAL
041 _aeng
082 _a512.02
_223
_bGARR
100 _aGARG (rohit).
_989374
245 _aBasics of abstract algebra.
260 _aNew Delhi
_bAnmol Publications
_c2011
300 _a296
_bPB
365 _b900
_cINR
906 _aabstract ; algebra. ; Basics
942 _2ddc
_cBK
999 _c160563
_d160563